Új üzemrész a Pannóniában
Elmentve itt :
| Dokumentumtípus: | Cikk |
|---|---|
| Megjelent: |
1972-07-19
|
| Sorozat: | Délmagyarország
62 No. 168 |
| Kulcsszavak: | Szőrme- és Bőrruhakészítő Üzem |
| Online Access: | http://dmarchiv.bibl.u-szeged.hu/106948 |
| LEADER | 00424nab a2200145 i 4500 | ||
|---|---|---|---|
| 001 | delm106948 | ||
| 005 | 20190320085409.0 | ||
| 008 | 190320s1972 hu o 0|| hun d | ||
| 040 | |a SZTE Délmagyarország Archívum |b hun | ||
| 041 | |a hun | ||
| 245 | 0 | 0 | |a Új üzemrész a Pannóniában |h [elektronikus dokumentum] |
| 260 | |c 1972-07-19 | ||
| 300 | |a 8 | ||
| 490 | 0 | |a Délmagyarország |v 62 No. 168 | |
| 695 | |a Szőrme- és Bőrruhakészítő Üzem | ||